<?xml version="1.0" encoding="UTF-8"?><?xml-stylesheet type="text/xsl" href="static/style.xsl"?><OAI-PMH xmlns="http://www.openarchives.org/OAI/2.0/" xmlns:xsi="http://www.w3.org/2001/XMLSchema-instance" xsi:schemaLocation="http://www.openarchives.org/OAI/2.0/ http://www.openarchives.org/OAI/2.0/OAI-PMH.xsd"><responseDate>2026-04-13T02:12:21Z</responseDate><request verb="GetRecord" identifier="oai:www.recercat.cat:2072/425146" metadataPrefix="marc">https://recercat.cat/oai/request</request><GetRecord><record><header><identifier>oai:recercat.cat:2072/425146</identifier><datestamp>2025-09-09T18:39:12Z</datestamp><setSpec>com_2072_98</setSpec><setSpec>col_2072_378197</setSpec></header><metadata><record xmlns="http://www.loc.gov/MARC21/slim" xmlns:dcterms="http://purl.org/dc/terms/" xmlns:xsi="http://www.w3.org/2001/XMLSchema-instance" xmlns:doc="http://www.lyncode.com/xoai" xsi:schemaLocation="http://www.loc.gov/MARC21/slim http://www.loc.gov/standards/marcxml/schema/MARC21slim.xsd">
   <leader>00925njm 22002777a 4500</leader>
   <datafield ind2=" " ind1=" " tag="042">
      <subfield code="a">dc</subfield>
   </datafield>
   <datafield ind2=" " ind1=" " tag="720">
      <subfield code="a">Miret, Pau,</subfield>
      <subfield code="e">author</subfield>
   </datafield>
   <datafield ind2=" " ind1=" " tag="720">
      <subfield code="a">Centre d'Estudis Demogràfics</subfield>
      <subfield code="e">author</subfield>
   </datafield>
   <datafield ind2=" " ind1=" " tag="260">
      <subfield code="c">2003</subfield>
   </datafield>
   <datafield ind2=" " ind1=" " tag="520">
      <subfield code="a">Comunicació presentada al IV Congrés Català de Sociologia, grup de treball Sociologia de la família, sessió Constitució de parelles i famílies. Reus, 5 i 6 d'abril de 2003.</subfield>
   </datafield>
   <datafield ind2=" " ind1=" " tag="520">
      <subfield code="a">Aquest article és una anàlisi dels matrimonis en què mentre l'espòs era laboralment actiu, l'esposa era inactiva. S'anomena aquest tipus de matrimoni com de rols complementaris. La font de dades utilitzada és el registre de matrimonis del Moviment Natural de la Població, en forma de dades primàries en suport magnètic. S'usa com a tècnica estadística la regressió logística, buscant quines variables independents tenen efecte sobre la probabilitat de formar un matrimoni amb rols complementaris. La hipòtesi de partença afirma que el matrimoni complementari tendeix a Catalunya vers la seva desaparició formal, quedant reduït a unes esferes molt determinades, que es pretén descobrir. Pas a pas, a través de vuit etapes, es va introduint cada cop una nova variable independent estadísticament significativa.</subfield>
   </datafield>
   <datafield ind2=" " ind1=" " tag="520">
      <subfield code="a">Este artículo es un análisis de los matrimonios en los que mientras que el marido estaba laboralmente activo, la mujer era inactiva. A este tipo de matrimonio se le denomina de roles complementarios. La fuente de datos utilizada es el registro de matrimonios del Movimiento Natural de la Población, en forma de datos primarios. Se usa como técnica estadística la regresión logística, buscando qué variables independientes tienen efecto sobre la probabilidad de formar un matrimonio con roles complementarios. La hipótesis de partida afirma que el matrimonio complementario tiende en Cataluña hacia su desaparición formal, quedando reducido a unas esferas muy específicas, que se pretende poner de manifiesto. Paso a paso, a través de ocho etapas en las que se va introduciendo cada vez una nueva variable independiente significativa, el artículo busca comprobar la veracidad de la hipótesis de partida.</subfield>
   </datafield>
   <datafield ind2=" " ind1=" " tag="520">
      <subfield code="a">This paper is a research on marriages between a man who within the labor market and a woman outside the labour marked, that is, between an active husband and a non-active wife. This type of marriage is named as complementary roles marriage. The source of data is the registers of marriages micro-data. Logistic regression is used as a statistical technique, modelling which independent variables have an statistically significant effect on the odds of forming a complementary-roles marriage. The starting hypothesis states that marriage tends in Catalonia lead to a formal extinction of complementary roles, a marriage type that is remaining just in very concrete spheres. This paper seeks to test this hypothesis, step by step, through eight stages, in which a new independent variable statistically significant is introduce each time.</subfield>
   </datafield>
   <datafield tag="653" ind2=" " ind1=" ">
      <subfield code="a">Matrimoni</subfield>
   </datafield>
   <datafield tag="653" ind2=" " ind1=" ">
      <subfield code="a">Activitat</subfield>
   </datafield>
   <datafield tag="653" ind2=" " ind1=" ">
      <subfield code="a">Rols complementaris</subfield>
   </datafield>
   <datafield tag="653" ind2=" " ind1=" ">
      <subfield code="a">Catalunya</subfield>
   </datafield>
   <datafield tag="653" ind2=" " ind1=" ">
      <subfield code="a">Matrimonio</subfield>
   </datafield>
   <datafield tag="653" ind2=" " ind1=" ">
      <subfield code="a">Actividad</subfield>
   </datafield>
   <datafield tag="653" ind2=" " ind1=" ">
      <subfield code="a">Roles complementarios</subfield>
   </datafield>
   <datafield tag="653" ind2=" " ind1=" ">
      <subfield code="a">Cataluña</subfield>
   </datafield>
   <datafield tag="653" ind2=" " ind1=" ">
      <subfield code="a">Marriage</subfield>
   </datafield>
   <datafield tag="653" ind2=" " ind1=" ">
      <subfield code="a">Labour market</subfield>
   </datafield>
   <datafield tag="653" ind2=" " ind1=" ">
      <subfield code="a">Complementary roles marriage</subfield>
   </datafield>
   <datafield tag="653" ind2=" " ind1=" ">
      <subfield code="a">Catalonia</subfield>
   </datafield>
   <datafield tag="653" ind2=" " ind1=" ">
      <subfield code="a">Mariage</subfield>
   </datafield>
   <datafield tag="653" ind2=" " ind1=" ">
      <subfield code="a">Activité</subfield>
   </datafield>
   <datafield tag="653" ind2=" " ind1=" ">
      <subfield code="a">Rôles complémentaires</subfield>
   </datafield>
   <datafield tag="653" ind2=" " ind1=" ">
      <subfield code="a">Catalogne</subfield>
   </datafield>
   <datafield ind2="0" ind1="0" tag="245">
      <subfield code="a">Matrimonis amb rols complementaris a Catalunya, 1985-1999</subfield>
   </datafield>
</record></metadata></record></GetRecord></OAI-PMH>